MARC details
| 000 -LEADER |
| fixed length control field |
03566aam a2200673 i 4500 |
| 001 - CONTROL NUMBER |
| control field |
3068845 |
| 005 - DATE AND TIME OF LATEST TRANSACTION |
| control field |
20201125131008.0 |
| 008 - FIXED-LENGTH DATA ELEMENTS--GENERAL INFORMATION |
| fixed length control field |
200406s2020 caua b 000 1 eng |
| 010 ## - LIBRARY OF CONGRESS CONTROL NUMBER |
| LC control number |
2020013542 |
| 020 ## - INTERNATIONAL STANDARD BOOK NUMBER |
| International Standard Book Number |
9781452181547 |
| Qualifying information |
(hardcover) |
| Terms of availability |
$17.99 |
| 020 ## - INTERNATIONAL STANDARD BOOK NUMBER |
| International Standard Book Number |
1452181543 : |
| Terms of availability |
$17.99 |
| 035 ## - SYSTEM CONTROL NUMBER |
| System control number |
(OCoLC)1139765905 |
| 035 ## - SYSTEM CONTROL NUMBER |
| System control number |
(OCoLC)on1139765905 |
| 035 ## - SYSTEM CONTROL NUMBER |
| System control number |
3052465 |
| 040 ## - CATALOGING SOURCE |
| Original cataloging agency |
DLC |
| Language of cataloging |
eng |
| Description conventions |
rda |
| Transcribing agency |
DLC |
| 042 ## - AUTHENTICATION CODE |
| Authentication code |
pcc |
| -- |
lcac |
| 050 00 - LIBRARY OF CONGRESS CALL NUMBER |
| Classification number |
PZ8.3.R3177 |
| Item number |
On 2020 |
| 082 00 - DEWEY DECIMAL CLASSIFICATION NUMBER |
| Classification number |
[E] |
| Edition number |
23 |
| 092 ## - LOCALLY ASSIGNED DEWEY CALL NUMBER (OCLC) |
| Classification number |
E |
| 999 ## - SYSTEM CONTROL NUMBERS (KOHA) |
| Koha Dewey Subclass [OBSOLETE] |
E |
| 100 1# - MAIN ENTRY--PERSONAL NAME |
| Personal name |
Rex, Adam, |
| Relator term |
author, |
| -- |
illustrator. |
| 9 (RLIN) |
49584 |
| 245 10 - TITLE STATEMENT |
| Title |
On account of the gum / |
| Statement of responsibility, etc |
written and illustrated by Adam Rex. |
| 264 #1 - Production, Publication, Distribution, Manufacture, and Copyright Notice. |
| Place of production, publication, distribution, manufacture |
San Francisco, California : |
| Name of producer, publisher, distributor, manufacturer |
Chronicle Books, |
| Date of production, publication, distribution, manufacture, or copyr |
[2020] |
| 300 ## - PHYSICAL DESCRIPTION |
| Extent |
1 volume (unpaged) : |
| Other physical details |
color illustrations ; |
| Dimensions |
29 cm |
| 336 ## - Content Type |
| Content type term |
text |
| 336 ## - Content Type |
| Content type term |
still image |
| 337 ## - Media type |
| Media type term |
unmediated |
| 338 ## - Carrier type |
| Carrier type term |
volume |
| 520 ## - SUMMARY, ETC. |
| Summary, etc |
Improbable, ridiculous remedies accumulate when there is gum stuck in your hair. |
| 521 ## - TARGET AUDIENCE NOTE |
| Target audience note |
Ages 5-8. |
| Source |
Chronicle Books LLC. |
| 521 ## - TARGET AUDIENCE NOTE |
| Target audience note |
Grades 2-3. |
| Source |
Chronicle Books LLC. |
| 521 1# - TARGET AUDIENCE NOTE |
| Target audience note |
5-8 |
| Source |
Brodart. |
| 521 2# - TARGET AUDIENCE NOTE |
| Target audience note |
K-3 |
| Source |
Brodart. |
| 650 #1 - SUBJECT ADDED ENTRY--TOPICAL TERM |
| Topical term or geographic name as entry element |
Stories in rhyme. |
| 9 (RLIN) |
6387621 |
| 650 #1 - SUBJECT ADDED ENTRY--TOPICAL TERM |
| Topical term or geographic name as entry element |
Chewing gum |
| Form subdivision |
Fiction. |
| 9 (RLIN) |
5784682 |
| 650 #1 - SUBJECT ADDED ENTRY--TOPICAL TERM |
| Topical term or geographic name as entry element |
Humorous stories. |
| 9 (RLIN) |
6387622 |
| 650 #0 - SUBJECT ADDED ENTRY--TOPICAL TERM |
| Topical term or geographic name as entry element |
Stories in rhyme. |
| 9 (RLIN) |
6387621 |
| 650 #0 - SUBJECT ADDED ENTRY--TOPICAL TERM |
| Topical term or geographic name as entry element |
Chewing gum |
| Form subdivision |
Juvenile fiction. |
| 9 (RLIN) |
5784680 |
| 650 #0 - SUBJECT ADDED ENTRY--TOPICAL TERM |
| Topical term or geographic name as entry element |
Humorous stories. |
| 9 (RLIN) |
6387622 |
| 650 #7 - SUBJECT ADDED ENTRY--TOPICAL TERM |
| Topical term or geographic name as entry element |
JUVENILE FICTION / Humorous Stories |
| Source of heading or term |
bisacsh |
| 9 (RLIN) |
5685987 |
| 650 #7 - SUBJECT ADDED ENTRY--TOPICAL TERM |
| Topical term or geographic name as entry element |
JUVENILE FICTION / Imagination & Play |
| Source of heading or term |
bisacsh |
| 9 (RLIN) |
5717453 |
| 650 #7 - SUBJECT ADDED ENTRY--TOPICAL TERM |
| Topical term or geographic name as entry element |
JUVENILE FICTION / Social Themes / New Experience |
| Source of heading or term |
bisacsh |
| 9 (RLIN) |
5730633 |
| 942 ## - ADDED ENTRY ELEMENTS (KOHA) |
| Source of classification or shelving scheme |
Dewey Decimal Classification |
| Koha item type |
BOOK |
| 948 ## - LOCAL PROCESSING INFORMATION (OCLC); SERIES PART DESIGNATOR (RLIN) |
| Series part designator, SPT (RLIN) |
BFP |
| b (OCLC) |
CHILDREN'S |
| p (OCLC) |
X122084197 |
| k (OCLC) |
J |
| h (OCLC) |
E |
| f (OCLC) |
1 |
| r (OCLC) |
2 |
| g (OCLC) |
1 |
| 7 (OCLC) |
0 |
| u (OCLC) |
3 |
| w (OCLC) |
11 |
| s (OCLC) |
0 |
| o (OCLC) |
BFP |
| 0 (OCLC) |
$17.99 |
| y (OCLC) |
99 |
| c (OCLC) |
94 |
| j (OCLC) |
Dewey Decimal |
| n (OCLC) |
On-Order |
| e (OCLC) |
1827485-2 |
| 9 (OCLC) |
Item generated Nov 4 2020 9:43AM |
| 948 ## - LOCAL PROCESSING INFORMATION (OCLC); SERIES PART DESIGNATOR (RLIN) |
| Series part designator, SPT (RLIN) |
BLD |
| b (OCLC) |
CHILDREN'S |
| p (OCLC) |
X122084221 |
| k (OCLC) |
J |
| h (OCLC) |
E |
| f (OCLC) |
1 |
| r (OCLC) |
2 |
| g (OCLC) |
1 |
| 7 (OCLC) |
0 |
| u (OCLC) |
3 |
| w (OCLC) |
11 |
| s (OCLC) |
0 |
| o (OCLC) |
BLD |
| 0 (OCLC) |
$17.99 |
| y (OCLC) |
99 |
| c (OCLC) |
94 |
| j (OCLC) |
Dewey Decimal |
| n (OCLC) |
On-Order |
| e (OCLC) |
1827485-6 |
| 9 (OCLC) |
Item generated Nov 4 2020 9:43AM |
| 948 ## - LOCAL PROCESSING INFORMATION (OCLC); SERIES PART DESIGNATOR (RLIN) |
| Series part designator, SPT (RLIN) |
CCL |
| b (OCLC) |
CHILDREN'S |
| p (OCLC) |
X122084189 |
| k (OCLC) |
J |
| h (OCLC) |
E |
| f (OCLC) |
1 |
| r (OCLC) |
2 |
| g (OCLC) |
1 |
| 7 (OCLC) |
0 |
| u (OCLC) |
3 |
| w (OCLC) |
11 |
| s (OCLC) |
0 |
| o (OCLC) |
CCL |
| 0 (OCLC) |
$17.99 |
| y (OCLC) |
99 |
| c (OCLC) |
94 |
| j (OCLC) |
Dewey Decimal |
| n (OCLC) |
On-Order |
| e (OCLC) |
1827485-7 |
| 9 (OCLC) |
Item generated Nov 4 2020 9:43AM |
| 948 ## - LOCAL PROCESSING INFORMATION (OCLC); SERIES PART DESIGNATOR (RLIN) |
| Series part designator, SPT (RLIN) |
BNO |
| b (OCLC) |
CHILDREN'S |
| p (OCLC) |
X122084247 |
| k (OCLC) |
J |
| h (OCLC) |
E |
| f (OCLC) |
1 |
| r (OCLC) |
2 |
| g (OCLC) |
1 |
| 7 (OCLC) |
0 |
| u (OCLC) |
3 |
| w (OCLC) |
11 |
| s (OCLC) |
0 |
| o (OCLC) |
BNO |
| 0 (OCLC) |
$17.99 |
| y (OCLC) |
99 |
| c (OCLC) |
94 |
| j (OCLC) |
Dewey Decimal |
| n (OCLC) |
On-Order |
| e (OCLC) |
1827485-3 |
| 9 (OCLC) |
Item generated Nov 4 2020 9:43AM |
| 948 ## - LOCAL PROCESSING INFORMATION (OCLC); SERIES PART DESIGNATOR (RLIN) |
| Series part designator, SPT (RLIN) |
BPC |
| b (OCLC) |
CHILDREN'S |
| p (OCLC) |
X122084239 |
| k (OCLC) |
J |
| h (OCLC) |
E |
| f (OCLC) |
1 |
| r (OCLC) |
2 |
| g (OCLC) |
1 |
| 7 (OCLC) |
0 |
| u (OCLC) |
3 |
| w (OCLC) |
11 |
| s (OCLC) |
0 |
| o (OCLC) |
BPC |
| 0 (OCLC) |
$17.99 |
| y (OCLC) |
99 |
| c (OCLC) |
94 |
| j (OCLC) |
Dewey Decimal |
| n (OCLC) |
On-Order |
| e (OCLC) |
1827485-4 |
| 9 (OCLC) |
Item generated Nov 4 2020 9:43AM |
| 948 ## - LOCAL PROCESSING INFORMATION (OCLC); SERIES PART DESIGNATOR (RLIN) |
| Series part designator, SPT (RLIN) |
BBL |
| b (OCLC) |
CHILDREN'S |
| p (OCLC) |
X122084205 |
| k (OCLC) |
J |
| h (OCLC) |
E |
| f (OCLC) |
1 |
| r (OCLC) |
2 |
| g (OCLC) |
1 |
| 7 (OCLC) |
0 |
| u (OCLC) |
3 |
| w (OCLC) |
11 |
| s (OCLC) |
0 |
| o (OCLC) |
BBL |
| 0 (OCLC) |
$17.99 |
| y (OCLC) |
99 |
| c (OCLC) |
94 |
| j (OCLC) |
Dewey Decimal |
| n (OCLC) |
On-Order |
| e (OCLC) |
1827485-5 |
| 9 (OCLC) |
Item generated Nov 4 2020 9:43AM |
| 948 ## - LOCAL PROCESSING INFORMATION (OCLC); SERIES PART DESIGNATOR (RLIN) |
| Series part designator, SPT (RLIN) |
BVP |
| b (OCLC) |
CHILDREN'S |
| p (OCLC) |
X122084213 |
| k (OCLC) |
J |
| h (OCLC) |
E |
| f (OCLC) |
1 |
| r (OCLC) |
2 |
| g (OCLC) |
1 |
| 7 (OCLC) |
0 |
| u (OCLC) |
3 |
| w (OCLC) |
11 |
| s (OCLC) |
0 |
| o (OCLC) |
BVP |
| 0 (OCLC) |
$17.99 |
| y (OCLC) |
99 |
| c (OCLC) |
94 |
| j (OCLC) |
Dewey Decimal |
| n (OCLC) |
On-Order |
| e (OCLC) |
1827485-8 |
| 9 (OCLC) |
Item generated Nov 4 2020 9:43AM |
| 948 ## - LOCAL PROCESSING INFORMATION (OCLC); SERIES PART DESIGNATOR (RLIN) |
| Series part designator, SPT (RLIN) |
BHI |
| b (OCLC) |
CHILDREN'S |
| p (OCLC) |
X122084171 |
| k (OCLC) |
J |
| h (OCLC) |
E |
| f (OCLC) |
1 |
| r (OCLC) |
2 |
| g (OCLC) |
1 |
| 7 (OCLC) |
0 |
| u (OCLC) |
3 |
| w (OCLC) |
11 |
| s (OCLC) |
0 |
| o (OCLC) |
BHI |
| 0 (OCLC) |
$17.99 |
| y (OCLC) |
99 |
| c (OCLC) |
94 |
| j (OCLC) |
Dewey Decimal |
| n (OCLC) |
On-Order |
| e (OCLC) |
1827485-1 |
| 9 (OCLC) |
Item generated Nov 4 2020 9:43AM |